000
00323nam a22001457a 4500
008
210308b ||||| |||| 00| 0 eng d
020
_a
9780328272778
041
_a
eng
080
_a
51
082
_2
51
100
_a
38
101
_a
MAT
245
_a
EN vision Math
_c
Scott Foresman, Addison Wesley
942
_2
udc
_c
BK
999
_c
55985
_d
55985